000
00227nam a22000857a 4500
008
160629b xxu||||| |||| 00| 0 eng d
100
_9
1316
_a
Agarwala, B.R
245
_a
Our Judiciary
260
_a
New Delhi
_b
National Book Trust
_c
1993
999
_c
1078
_d
1078